000 00628nam a2200181Ia 4500
005 20250508154719.0
008 008 250505s9999 xx 000 0 eng d
037 _aTextual
040 _aFEDL
_beng
_cFEDL
041 _aeng
_2eng
084 _a371.27, GRE
_qFEDL
245 0 _aCirtificate of secondary education : Experimental examinations : Mathematics : An account of experiment conducted on behalf of the council
260 _aLondon, UK
_bHer Majesty's Stationery Office
_c1964
300 _aiii,35p
546 _aExaminations bulletin No. 2
942 _cTEXL
_h371.27, GRE
999 _c1351742
_d1351742